| 000 | 00887nam a22002177a 4500 | ||
|---|---|---|---|
| 999 |
_c17983 _d17983 |
||
| 003 | BDDh-ASL | ||
| 005 | 20231015025651.0 | ||
| 008 | 200916b1993 ||||| |||| 00| 0 d | ||
| 020 | _a8185696071 | ||
| 040 |
_aBDDh-ASL _cBDDh-ASL _dBDDh-ASL |
||
| 041 | _abengali | ||
| 082 |
_a297.1 _bMIN |
||
| 100 |
_9809 _aমিত্র, অশোক |
||
| 245 |
_aনাস্তিকতার বাইরে: _bও অন্যান্য প্রবন্ধ/ _cঅশোক মিত্র। |
||
| 246 | _aNastijtar Baire O Onnanno Probanda | ||
| 260 |
_aকলকাতা: _bচিরায়ত প্রকাশন, _c১৯৯৩। |
||
| 300 |
_a১৯২ পৃষ্ঠা: _c২১ সে. মি.। |
||
| 505 | _aগ্রন্থপঞ্জি সংযুক্ত। | ||
| 650 | 0 |
_9810 _aইসলাম ধর্ম _vপ্রবন্ধ |
|
| 942 |
_2ddc _cBK |
||